Kẹo Tuổi xuân tàn khốc. Tiểu thuyết

Đã lưu trong:
Sonraí Bibleagrafaíochta
Príomhúdar: Miên, Miên
Údair Eile: Sơn, Lê (Dịch)
Formáid: Leabhar
Foilsithe: Hà Nội Phụ Nữ 2006
Ábhair:
Clibeanna: Cuir Clib Leis
Gan Chlibeanna, Bí ar an gcéad duine leis an taifead seo a chlibeáil!
Thư viện lưu trữ: Trung tâm Học liệu Lê Vũ Hùng, Trường Đại học Đồng Tháp
LEADER 00900aam a22003498a 4500
001 00036079
005 20171026081025.0
008 170117s2006 ||||||Viesd
020 # # |c 40000 
041 0 # |a Vie 
082 1 4 |a 895.1  |b K205 
100 1 # |a Miên, Miên 
245 1 0 |a Kẹo  |b Tuổi xuân tàn khốc. Tiểu thuyết  |c Miên Miên; Sơn Lê (dịch) 
260 # # |a Hà Nội  |b Phụ Nữ  |c 2006 
300 # # |a 349 tr.  |c 21cm. 
653 # # |a Tiểu thuyết 
653 # # |a Trung Quốc 
653 # # |a Văn học hiện đại 
700 1 # |a Sơn, Lê  |e Dịch 
852 # # |b Kho đọc  |j KD.0017652 
852 # # |j KD.0017652 
910 |d 17/01/2017 
980 # # |a Trung tâm Học liệu Lê Vũ Hùng, Trường Đại học Đồng Tháp